[Event "2. Bundesliga Mitte 2005/2006"]
[Site "Ansfelden"]
[Date "2005.10.08"]
[Round "1.6"]
[White "Pesorda, Ivan"]
[Black "Vajda, Albert"]
[Result "0-1"]
[WhiteElo "2297"]
[BlackElo "2439"]
[PlyCount "84"]
[EventDate "2005.??.??"]

1. d4 Nf6 2. c4 e6 3. Nc3 d5 4. cxd5 exd5 5. Bg5 c6 6. Qc2 Be7 7. e3 Bg4 8.
Nge2 h6 9. Bxf6 Bxf6 10. h3 Bd7 11. Nf4 Bg5 12. O-O-O O-O 13. Nd3 a5 14. f4 Bf6
15. g4 Na6 16. h4 Bxg4 17. Re1 Bf5 18. Qh2 c5 19. Ne5 cxd4 20. exd4 Nb4 21. Bh3
Bxe5 22. Bxf5 Bxd4 23. Qd2 Qf6 24. Bh3 Qxf4 25. Qxf4 Nd3+ 26. Kb1 Nxf4 27. Nxd5
Nxd5 28. Rd1 Nc3+ 29. bxc3 Bxc3 30. Rd7 b5 31. Rhd1 Bf6 32. h5 b4 33. Bf1 Rad8
34. Bc4 a4 35. a3 bxa3 36. Ka2 Rde8 37. Kxa3 Re4 38. Rc7 Be7+ 39. Kxa4 Rb8 40.
Ka5 Bd8 41. Bxf7+ Kf8 42. Rxd8+ Rxd8 0-1

[Event "2. Bundesliga Mitte 2005/2006"]
[Site "Ansfelden"]
[Date "2005.10.08"]
[Round "1.6"]
[White "Schachinger, Mario"]
[Black "Krebs, Johann"]
[Result "1-0"]
[WhiteElo "2196"]
[BlackElo "2239"]
[PlyCount "91"]
[EventDate "2005.??.??"]

1. Nc3 c5 2. Nf3 g6 3. b3 Bg7 4. Bb2 Nf6 5. Ne4 Qb6 6. e3 O-O 7. Nxf6+ Bxf6 8.
Bxf6 Qxf6 9. d4 d6 10. Be2 Nc6 11. O-O Bg4 12. c3 Rac8 13. Rc1 Rc7 14. h3 Bf5
15. Qd2 Rfc8 16. Rfd1 cxd4 17. cxd4 Kg7 18. b4 Be4 19. b5 Nd8 20. Rxc7 Rxc7 21.
Rc1 Rxc1+ 22. Qxc1 Ne6 23. Nd2 Bd5 24. Qc2 h5 25. Nb1 Qg5 26. Bf1 b6 27. Nc3
Bb7 28. Qa4 Nd8 29. Qxa7 e5 30. Qxb6 Qe7 31. d5 f5 32. a4 Nf7 33. a5 f4 34. a6
Bc8 35. exf4 exf4 36. Qd4+ Ne5 37. Qxf4 g5 38. Qd4 g4 39. hxg4 hxg4 40. Qf4 Qc7
41. Ne4 Bd7 42. Qf6+ Kg8 43. Nxd6 Qc3 44. Qg5+ Kh7 45. a7 Qa5 46. Qxe5 1-0

[Event "2. Bundesliga Mitte 2005/2006"]
[Site "Ansfelden"]
[Date "2005.10.08"]
[Round "1.6"]
[White "Steiner, Stefan"]
[Black "Zechner, Gernot"]
[Result "0-1"]
[WhiteElo "2189"]
[BlackElo "2241"]
[PlyCount "204"]
[EventDate "2005.??.??"]

1. Nf3 d5 2. c4 c6 3. cxd5 cxd5 4. d4 Nf6 5. Nc3 Nc6 6. Bf4 e6 7. e3 Be7 8. Bd3
O-O 9. O-O Nh5 10. Bg3 Nxg3 11. hxg3 Bd7 12. Rc1 Qa5 13. Kh2 Rab8 14. Rh1 g6
15. Kg1 b5 16. Nd2 a6 17. Qf3 Qb4 18. g4 Qxb2 19. Rc2 Qa3 20. Qh3 h5 21. gxh5
g5 22. Nb3 Nb4 23. Nb1 Qa4 24. Nc3 Qa3 25. Rd2 Rbc8 26. Nb1 Qa4 27. e4 Nxd3 28.
Qxd3 dxe4 29. Qe3 Qc4 30. Nc5 Bc6 31. Nxe4 Bxe4 32. Qxe4 Rfd8 33. Kh2 Qd5 34.
Qe3 Rc4 35. Rhd1 g4 36. Qe2 Qxh5+ 37. Kg1 Bd6 38. g3 Kg7 39. Qf1 Qd5 40. Qg2
Bb4 41. Rd3 Rc7 42. Nd2 f5 43. Nb3 Rc2 44. Nc5 Qxg2+ 45. Kxg2 Rd6 46. a3 Bxc5
47. dxc5 Rc6 48. a4 R2xc5 49. axb5 axb5 50. Rd7+ Kf6 51. Rb7 Rc7 52. Rb6 Re5
53. Rd2 Rc1 54. f4 gxf3+ 55. Kxf3 Rc3+ 56. Kf2 Rb3 57. Rdd6 b4 58. Rd4 Rb2+ 59.
Kf3 Rc5 60. Rd3 Rc3 61. Rxc3 bxc3 62. Rc6 Rc2 63. g4 fxg4+ 64. Kxg4 Ke5 65. Kf3
Kd5 66. Rc8 Rc1 67. Ke3 Rh1 68. Kd3 Rh3+ 69. Kc2 e5 70. Re8 Kc4 71. Rc8+ Kd4
72. Rd8+ Ke4 73. Rc8 Re3 74. Rf8 Rf3 75. Rd8 Kf4 76. Rg8 e4 77. Rg7 Ke3 78. Re7
Rf6 79. Re8 Rc6 80. Re7 Kf3 81. Rg7 Ke2 82. Re7 e3 83. Re8 Kf2 84. Rf8+ Ke1 85.
Re8 e2 86. Rf8 Rd6 87. Rg8 Rd2+ 88. Kc1 Ra2 89. Rf8 Ra6 90. Kc2 Rh6 91. Rf7 Rh2
92. Kxc3 Rf2 93. Rh7 Kd1 94. Rd7+ Kc1 95. Re7 Rf3+ 96. Kc4 Kd1 97. Rd7+ Ke1 98.
Rh7 Kd1 99. Rd7+ Kc2 100. Re7 Rf4+ 101. Kb5 Kd2 102. Rd7+ Ke3 0-1

[Event "2. Bundesliga Mitte 2005/2006"]
[Site "Ansfelden"]
[Date "2005.10.08"]
[Round "1.6"]
[White "Waldmann, Gerald"]
[Black "Deutsch, Ludwig"]
[Result "1-0"]
[WhiteElo "2175"]
[BlackElo "2103"]
[PlyCount "47"]
[EventDate "2005.??.??"]

1. e4 c5 2. Nf3 Nc6 3. d4 cxd4 4. Nxd4 d6 5. Nc3 Nf6 6. f3 g6 7. Be3 Bg7 8. Qd2
O-O 9. Bc4 Bd7 10. O-O-O Rc8 11. Bb3 Na5 12. Kb1 a6 13. g4 b5 14. h4 h5 15. Nd5
Nxb3 16. Nxf6+ Bxf6 17. Nxb3 Be6 18. gxh5 gxh5 19. Bd4 Kh7 20. Bxf6 exf6 21.
Qxd6 Qxd6 22. Rxd6 f5 23. e5 Rc4 24. Nd4 1-0

[Event "2. Bundesliga Mitte 2005/2006"]
[Site "Ansfelden"]
[Date "2005.10.09"]
[Round "2.1"]
[White "Farago, Ivan"]
[Black "Horvath, Tamas"]
[Result "1/2-1/2"]
[WhiteElo "2499"]
[BlackElo "2435"]
[PlyCount "37"]
[EventDate "2005.??.??"]

1. d4 Nf6 2. c4 e6 3. Nf3 Bb4+ 4. Bd2 Bxd2+ 5. Qxd2 O-O 6. g3 d5 7. Qc2 Nc6 8.
Bg2 Qe7 9. Nbd2 Rd8 10. O-O dxc4 11. Qc3 e5 12. dxe5 Nd5 13. Qxc4 Nxe5 14. Qc2
Nxf3+ 15. Nxf3 Nb4 16. Qc3 Nd5 17. Qc2 Nb4 18. Qc3 Nd5 19. Qc2 1/2-1/2

[Event "2. Bundesliga Mitte 2005/2006"]
[Site "Ansfelden"]
[Date "2005.10.09"]
[Round "2.1"]
[White "Meszaros, Tamas"]
[Black "Hellmayr, Alois"]
[Result "1/2-1/2"]
[WhiteElo "2408"]
[BlackElo "2296"]
[PlyCount "103"]
[EventDate "2005.??.??"]

1. e4 c5 2. Nf3 e6 3. d4 cxd4 4. Nxd4 a6 5. Nc3 Qc7 6. Be2 Nf6 7. O-O Nc6 8.
Be3 d6 9. f4 Be7 10. a4 Nxd4 11. Qxd4 e5 12. Qd3 exf4 13. Rxf4 Be6 14. Bd4 d5
15. Raf1 dxe4 16. Nxe4 O-O-O 17. Nxf6 Bxf6 18. Rxf6 gxf6 19. Qe3 Rhg8 20. Bb6
Qe5 21. Qxe5 fxe5 22. Bxd8 Kxd8 23. Bf3 b6 24. a5 Kc7 25. axb6+ Kxb6 26. Be4 h5
27. Rf6 Kc5 28. Bf5 Bd5 29. Bh3 a5 30. Rf5 Rb8 31. b3 Kd4 32. Rxh5 a4 33. bxa4
Rb1+ 34. Kf2 Rb2 35. Rh8 Rxc2+ 36. Kg3 Ra2 37. Rd8 Rxa4 38. Bd7 Ra6 39. Be8 Ke4
40. h4 Rg6+ 41. Kh2 Rh6 42. Kh3 Rh8 43. g4 Kd4 44. Kg3 e4 45. h5 Ke5 46. Rc8
Be6 47. Ra8 Rg8 48. Ra5+ Kf6 49. g5+ Rxg5+ 50. Rxg5 Kxg5 51. h6 Kxh6 52. Kf4
1/2-1/2

[Event "2. Bundesliga Mitte 2005/2006"]
[Site "Ansfelden"]
[Date "2005.10.09"]
[Round "2.1"]
[White "Knoll, Hermann"]
[Black "Sandhu, Mario"]
[Result "1/2-1/2"]
[WhiteElo "2355"]
[BlackElo "2291"]
[PlyCount "64"]
[EventDate "2005.??.??"]

1. d4 Nf6 2. Nf3 e6 3. c4 b6 4. a3 Bb7 5. Nc3 d5 6. Bg5 Be7 7. Qa4+ c6 8. cxd5
Nxd5 9. Bd2 O-O 10. e4 Nxc3 11. Bxc3 Nd7 12. Rd1 Qc7 13. Be2 Nf6 14. e5 Ne4 15.
Qc2 c5 16. Bd2 Rac8 17. Be3 c4 18. O-O Bd5 19. Ne1 f5 20. f3 Ng5 21. Qd2 Nf7
22. Rc1 Qb7 23. Nc2 a5 24. Rfd1 g5 25. Bf1 f4 26. Bf2 h5 27. Ne1 Nh6 28. Bxc4
Bxc4 29. Rxc4 Rxc4 30. Qd3 Qd5 31. Qg6+ Kh8 32. Qxh6+ Kg8 1/2-1/2

[Event "2. Bundesliga Mitte 2005/2006"]
[Site "Ansfelden"]
[Date "2005.10.09"]
[Round "2.1"]
[White "Frosch, Ronald"]
[Black "Tkaczuk, Rainer"]
[Result "1/2-1/2"]
[WhiteElo "2238"]
[BlackElo "2277"]
[PlyCount "93"]
[EventDate "2005.??.??"]

1. d4 g6 2. Nf3 Bg7 3. c3 Nf6 4. Bg5 O-O 5. Nbd2 d5 6. e3 c6 7. Be2 Nbd7 8. O-O
Re8 9. b4 a5 10. b5 c5 11. Rb1 b6 12. Ne5 Bb7 13. f4 Qc7 14. Bd3 e6 15. g4 Ne4
16. Bxe4 dxe4 17. Nxd7 Qxd7 18. f5 cxd4 19. cxd4 Rac8 20. f6 Bf8 21. Bf4 Rc3
22. Rb3 Rec8 23. Rxc3 Rxc3 24. Nb1 Rd3 25. Qc2 e5 26. dxe5 Qxg4+ 27. Kh1 Bc5
28. Qg2 Qd7 29. Qe2 Qxb5 30. e6 fxe6 31. f7+ Kxf7 32. Bh6+ Ke8 33. Qf2 Qd7 34.
Qf6 Qe7 35. Qh8+ Kd7 36. Qg8 Kc6 37. Rf7 Qd8 38. Qxh7 Ba6 39. Qxg6 Rd1+ 40. Kg2
Rxb1 41. Qxe6+ Kb5 42. a4+ Kb4 43. Qxe4+ Ka3 44. Qxb1 Qd5+ 45. Rf3 Be2 46. Qc1+
Kb3 47. Qb1+ 1/2-1/2

[Event "2. Bundesliga Mitte 2005/2006"]
[Site "Ansfelden"]
[Date "2005.10.09"]
[Round "2.1"]
[White "Rumpl, Erwin"]
[Black "Poeltl, Thomas"]
[Result "1/2-1/2"]
[WhiteElo "2279"]
[BlackElo "2175"]
[PlyCount "61"]
[EventDate "2005.??.??"]

1. e4 c5 2. g3 b6 3. Bg2 Bb7 4. Nc3 e6 5. Nge2 d6 6. d4 Nd7 7. O-O Be7 8. f4 a6
9. a4 Qc7 10. h3 cxd4 11. Nxd4 Ngf6 12. f5 e5 13. Nb3 Nc5 14. Qe2 h6 15. g4
Nxb3 16. cxb3 Qc5+ 17. Be3 Qb4 18. Qc4 Qxc4 19. bxc4 Rc8 20. b3 Nd7 21. Nd5
Bxd5 22. exd5 a5 23. Be4 Bg5 24. Bf2 Bd2 25. Kg2 f6 26. Rad1 Bf4 27. Kf3 Ke7
28. Rg1 Nc5 29. Bc2 Kf7 30. h4 Ke7 31. Rg2 1/2-1/2

[Event "2. Bundesliga Mitte 2005/2006"]
[Site "Ansfelden"]
[Date "2005.10.09"]
[Round "2.2"]
[White "Uhlmann, Wolfgang"]
[Black "Neubauer, Martin"]
[Result "1/2-1/2"]
[WhiteElo "2400"]
[BlackElo "2468"]
[PlyCount "84"]
[EventDate "2005.??.??"]

1. c4 g6 2. e4 e5 3. Nf3 Bg7 4. d4 exd4 5. Nxd4 Nf6 6. Nc3 O-O 7. Bd3 Nc6 8.
Be3 d6 9. Nxc6 bxc6 10. O-O Ng4 11. Bf4 Be6 12. Be2 Ne5 13. c5 dxc5 14. Qa4 Qe7
15. Rac1 Rfd8 16. Be3 c4 17. Rfd1 Nd3 18. Bxd3 cxd3 19. Qxc6 f5 20. Rxd3 Rxd3
21. Qxa8+ Qd8 22. Qxd8+ Rxd8 23. exf5 Bxf5 24. h3 a6 25. b3 h5 26. Na4 Be5 27.
Nc5 Bb2 28. Rc4 a5 29. Nb7 Rd1+ 30. Kh2 Ra1 31. Nxa5 Rxa2 32. Nc6 Bf6 33. b4
Rc2 34. Rxc2 Bxc2 35. Bd4 Bg5 36. Be5 Ba4 37. Nb8 Be7 38. Na6 c6 39. Kg3 Bb5
40. Nc5 Bxc5 41. bxc5 Bf1 42. f4 Kf7 1/2-1/2

[Event "2. Bundesliga Mitte 2005/2006"]
[Site "Ansfelden"]
[Date "2005.10.09"]
[Round "2.2"]
[White "Mazi, Leon"]
[Black "Baumgartner, Heinz"]
[Result "1/2-1/2"]
[WhiteElo "2343"]
[BlackElo "2306"]
[PlyCount "138"]
[EventDate "2005.??.??"]

1. e4 e5 2. Bc4 Nf6 3. d3 Nc6 4. Nf3 Be7 5. c3 O-O 6. O-O d6 7. Bb3 Na5 8. Bc2
c5 9. Re1 Nc6 10. Nbd2 Ne8 11. h3 Bf6 12. Nf1 g6 13. Be3 Bg7 14. d4 b6 15. Qd2
Ba6 16. Rad1 Qe7 17. Bg5 f6 18. dxc5 Kh8 19. cxd6 Qd7 20. Bh6 Rd8 21. Bxg7+
Kxg7 22. Ne3 Nxd6 23. Ng4 Qe7 24. Qh6+ Kh8 25. Bb3 Nc4 26. Bxc4 Bxc4 27. b3 Be6
28. Ne3 Qg7 29. Qh4 Qf7 30. Qh6 Qg7 31. Qxg7+ Kxg7 32. Kf1 Ne7 33. Ke2 Nc8 34.
Rxd8 Rxd8 35. Rd1 Rxd1 36. Nxd1 Nd6 37. Kd3 Nb7 38. Nd2 f5 39. c4 Nc5+ 40. Ke3
f4+ 41. Ke2 Bd7 42. Nc3 Bc6 43. Nd5 b5 44. b4 Na4 45. c5 Kf7 46. Kd3 Ke6 47.
Nc3 Nxc3 48. Kxc3 g5 49. Kd3 h6 50. Nb1 a6 51. Nc3 Bb7 52. Ke2 h5 53. Kf3 Bc6
54. g3 Bb7 55. a4 Bc6 56. axb5 axb5 57. h4 g4+ 58. Ke2 fxg3 59. fxg3 Kf6 60.
Kd3 Ke6 61. Nd5 Bd7 62. Ne3 Kf6 63. Nf5 Bc6 64. Ke3 Bd7 65. Nd6 Bc6 66. Nc8 Ke6
67. Kd3 Kd7 68. Nb6+ Ke6 69. Ke3 Kf6 1/2-1/2

[Event "2. Bundesliga Mitte 2005/2006"]
[Site "Ansfelden"]
[Date "2005.10.09"]
[Round "2.2"]
[White "Rolletschek, Heinrich"]
[Black "Ceschia, Ivano"]
[Result "1-0"]
[WhiteElo "2265"]
[BlackElo "2321"]
[PlyCount "109"]
[EventDate "2005.??.??"]

1. e4 c5 2. Nf3 e6 3. d3 d5 4. Nbd2 Nf6 5. g3 Nc6 6. Bg2 Be7 7. O-O b6 8. Re1
Bb7 9. e5 Nd7 10. Nf1 Qc7 11. Bf4 O-O-O 12. c3 Rdg8 13. d4 g5 14. Be3 g4 15.
N3d2 h5 16. Nb3 h4 17. Bf4 Bg5 18. Qxg4 Bxf4 19. Qxf4 f6 20. Qe3 fxe5 21. dxc5
Nf6 22. cxb6 axb6 23. Nbd2 Ng4 24. Qe2 e4 25. f3 Nxh2 26. Kxh2 hxg3+ 27. Kg1
Ne5 28. fxe4 Ng4 29. Ne3 Nf2 30. exd5 Rh2 31. Qc4 exd5 32. Qxc7+ Kxc7 33. Nef1
Nh3+ 34. Bxh3 Rxh3 35. Re7+ Kb8 36. Kg2 Rh6 37. Rae1 d4+ 38. Rxb7+ Kxb7 39.
cxd4 Rc6 40. Re3 Rd8 41. Rd3 Rc2 42. b3 Rxa2 43. Kxg3 Ra5 44. Kf2 Rf5+ 45. Ke2
Rg8 46. Rg3 Rxg3 47. Nxg3 Rf8 48. Nge4 Kc6 49. Nc3 Rh8 50. Kd3 b5 51. b4 Rh3+
52. Kc2 Rh2 53. d5+ Kd6 54. Kb3 Rh3 55. Ndb1 1-0

[Event "2. Bundesliga Mitte 2005/2006"]
[Site "Ansfelden"]
[Date "2005.10.09"]
[Round "2.2"]
[White "Smole, Albert"]
[Black "Woeber, Friedrich"]
[Result "0-1"]
[WhiteElo "2122"]
[BlackElo "2186"]
[PlyCount "52"]
[EventDate "2005.??.??"]

1. e4 e5 2. Nf3 Nc6 3. c3 d5 4. Qa4 Bd7 5. exd5 Nd4 6. Qd1 Nxf3+ 7. Qxf3 Nf6 8.
Bc4 e4 9. Qd1 Bd6 10. d4 Ng4 11. Qe2 O-O 12. h3 Qh4 13. Be3 Nxe3 14. Qxe3 f5
15. g3 f4 16. Qxe4 Qh6 17. Kd1 Rae8 18. Qg2 fxg3 19. fxg3 b5 20. Be2 Qe3 21.
Rf1 Rxf1+ 22. Qxf1 Bxh3 23. Qf3 Qg1+ 24. Kc2 Bg2 25. Qg4 Qf2 26. Kd2 Bf1 0-1

[Event "2. Bundesliga Mitte 2005/2006"]
[Site "Ansfelden"]
[Date "2005.10.09"]
[Round "2.2"]
[White "Winiwarter, Felix"]
[Black "Kuess, Mario"]
[Result "1/2-1/2"]
[WhiteElo "2179"]
[BlackElo "2162"]
[PlyCount "138"]
[EventDate "2005.??.??"]

1. d4 f5 2. Nf3 Nf6 3. g3 e6 4. Bg2 Be7 5. O-O O-O 6. c4 d6 7. Nc3 Qe8 8. Re1
Qg6 9. e4 Nxe4 10. Nxe4 fxe4 11. Rxe4 Qxe4 12. Nh4 Qxh4 13. gxh4 Bxh4 14. Be3
g6 15. Qe2 Bf6 16. Rd1 Nc6 17. d5 Ne7 18. dxe6 Nf5 19. c5 Bxe6 20. cxd6 Nxd6
21. Qc2 Rf7 22. Bd5 Bxd5 23. Rxd5 Re8 24. Qb3 Kg7 25. Rd3 b6 26. Bd2 Ne4 27.
Bh6+ Kg8 28. Rd7 Nd6 29. Rxc7 Ree7 30. Rxe7 Bxe7 31. Qe6 Nf5 32. Qc8+ Bf8 33.
Bxf8 Rxf8 34. Qd7 Rf7 35. Qd5 Kg7 36. b4 Re7 37. Kf1 Kf6 38. a4 h5 39. a5 bxa5
40. bxa5 h4 41. Kg2 Kg5 42. Qd2+ Kh5 43. Qd1+ Kg5 44. Kh3 Rf7 45. Qd5 Re7 46.
a6 Kh5 47. Qf3+ Kg5 48. Qg2+ Kh5 49. Qg4+ Kh6 50. Kg2 Rf7 51. Qc4 Re7 52. Kf3
Kg5 53. Qc1+ Kh5 54. Kf4 Rf7 55. Ke5 Nh6 56. h3 g5 57. Qd2 g4 58. Ke6 Rg7 59.
hxg4+ Rxg4 60. f3 Rg6+ 61. Ke5 Rxa6 62. f4 h3 63. Ke4 Ra4+ 64. Kd5 Ng4 65. Qc3
Kh4 66. Qe1+ Kh5 67. Qe8+ Kh4 68. Qxa4 h2 69. Qa1 Nf2 1/2-1/2

[Event "2. Bundesliga Mitte 2005/2006"]
[Site "Ansfelden"]
[Date "2005.10.09"]
[Round "2.2"]
[White "Sattler, Franz"]
[Black "Maringer, Walter"]
[Result "1/2-1/2"]
[WhiteElo "2024"]
[BlackElo "2100"]
[PlyCount "35"]
[EventDate "2005.??.??"]

1. Nf3 f5 2. c4 Nf6 3. g3 e6 4. Bg2 d5 5. O-O Bd6 6. d4 O-O 7. Nc3 c6 8. b3 Bd7
9. e3 Be8 10. Bb2 Bh5 11. Qc2 Ne4 12. Nxe4 fxe4 13. Nd2 Qg5 14. Rae1 Bf3 15.
Bxf3 exf3 16. e4 Qh5 17. Re3 Na6 18. Qd1 1/2-1/2

[Event "2. Bundesliga Mitte 2005/2006"]
[Site "Ansfelden"]
[Date "2005.10.09"]
[Round "2.3"]
[White "Dietmayer-Kraeutler, Marco"]
[Black "Mitter, Gerd"]
[Result "1-0"]
[WhiteElo "2233"]
[BlackElo "2191"]
[PlyCount "85"]
[EventDate "2005.??.??"]

1. d4 c5 2. c3 Nf6 3. Nf3 e6 4. Bg5 d5 5. e3 Nbd7 6. Nbd2 Be7 7. Bd3 O-O 8. Qe2
b6 9. O-O Bb7 10. Bc2 a5 11. Rfe1 Ba6 12. Bd3 Bxd3 13. Qxd3 Qc7 14. e4 dxe4 15.
Nxe4 Rfd8 16. Qc4 Qc6 17. dxc5 Bxc5 18. Nd4 Qc8 19. Rad1 Nxe4 20. Rxe4 Re8 21.
Qd3 Bxd4 22. Rxd4 Nf8 23. Rd6 e5 24. Rxb6 Qg4 25. Be3 Ne6 26. f3 Qa4 27. Qb1 h6
28. b3 Qa3 29. Qc2 Rad8 30. Rxd8 Rxd8 31. Rb5 f6 32. Bb6 Rb8 33. Bc5 Qxc5+ 34.
Rxc5 Nxc5 35. b4 axb4 36. cxb4 Ne6 37. a4 Kf7 38. b5 Rb7 39. Qe4 Rd7 40. Qb1
Nf4 41. b6 Rd2 42. b7 Rxg2+ 43. Kh1 1-0

[Event "2. Bundesliga Mitte 2005/2006"]
[Site "Ansfelden"]
[Date "2005.10.09"]
[Round "2.3"]
[White "Spirk, Stefan"]
[Black "Brunnsteiner, Mario"]
[Result "1/2-1/2"]
[WhiteElo "2113"]
[BlackElo "2186"]
[PlyCount "77"]
[EventDate "2005.??.??"]

1. c4 e5 2. Nc3 Nf6 3. Nf3 Nc6 4. d4 exd4 5. Nxd4 Bb4 6. Nc2 Bxc3+ 7. bxc3 O-O
8. Bg5 h6 9. Bh4 g5 10. Bg3 Ne4 11. Qd3 Re8 12. Ne3 d6 13. f3 Nxg3 14. hxg3 Ne5
15. Qd4 Nc6 16. Qd3 Kg7 17. Rd1 Be6 18. f4 Qf6 19. Nd5 Bxd5 20. cxd5 Ne7 21.
Qf3 Ng6 22. Rd4 Re7 23. Qh5 Rh8 24. Qf3 a5 25. Kd2 c5 26. dxc6 bxc6 27. e3 c5
28. Ra4 Rb8 29. Bd3 Rb2+ 30. Bc2 gxf4 31. gxf4 Qf5 32. Rc1 Ra7 33. Kd1 Qf6 34.
Bb3 Ne7 35. Rc2 Rb1+ 36. Rc1 Rb2 37. Rc2 Rb1+ 38. Rc1 Rb2 39. Rc2 1/2-1/2

[Event "2. Bundesliga Mitte 2005/2006"]
[Site "Ansfelden"]
[Date "2005.10.09"]
[Round "2.3"]
[White "Sachsenhofer, Michael"]
[Black "Soelkner, Karl"]
[Result "1/2-1/2"]
[WhiteElo "2104"]
[BlackElo "2058"]
[PlyCount "61"]
[EventDate "2005.??.??"]

1. e4 d6 2. d4 Nf6 3. Nc3 g6 4. f4 Bg7 5. Nf3 c5 6. dxc5 Qa5 7. Bd3 Qxc5 8. Qe2
O-O 9. Be3 Qa5 10. O-O Bg4 11. h3 Bxf3 12. Qxf3 Nc6 13. Ne2 Nb4 14. Bd4 Nxd3
15. cxd3 Nd7 16. Bxg7 Kxg7 17. d4 Rac8 18. Nc3 Qb6 19. Qf2 e5 20. Rad1 exf4 21.
Nd5 Qd8 22. Qxf4 Nb6 23. Nf6 h6 24. e5 dxe5 25. dxe5 Qe7 26. Rd4 Rc5 27. Qxh6+
Kxh6 28. Rh4+ Kg5 29. Rg4+ Kh6 30. Rh4+ Kg5 31. Rg4+ 1/2-1/2

[Event "2. Bundesliga Mitte 2005/2006"]
[Site "Ansfelden"]
[Date "2005.10.09"]
[Round "2.4"]
[White "Shengelia, David"]
[Black "Flumbort, Andras"]
[Result "1-0"]
[WhiteElo "2525"]
[BlackElo "2448"]
[PlyCount "55"]
[EventDate "2005.??.??"]

1. d4 Nf6 2. c4 g6 3. Nf3 Bg7 4. g3 d5 5. cxd5 Nxd5 6. Bg2 Nb6 7. Nc3 Nc6 8. e3
O-O 9. O-O Re8 10. Re1 e5 11. d5 Na5 12. e4 c6 13. Nd2 cxd5 14. Nxd5 Be6 15.
Nb3 Nc6 16. h4 h6 17. Nc5 Bc8 18. b3 Nd4 19. Bb2 Nxd5 20. exd5 b6 21. Nd3 Bf5
22. Qd2 Bh3 23. Bh1 Qf6 24. Kh2 Bf5 25. Nxe5 Nc2 26. Nc4 Nd4 27. Rxe8+ Rxe8 28.
Rd1 1-0

[Event "2. Bundesliga Mitte 2005/2006"]
[Site "Ansfelden"]
[Date "2005.10.09"]
[Round "2.4"]
[White "Sandhoefner, Florian"]
[Black "Balinov, Ilia"]
[Result "1-0"]
[WhiteElo "2322"]
[BlackElo "2388"]
[PlyCount "69"]
[EventDate "2005.??.??"]

1. e4 e5 2. Nf3 Nc6 3. Bb5 a6 4. Ba4 b5 5. Bb3 Bc5 6. c3 d6 7. d4 exd4 8. cxd4
Bb6 9. h3 h6 10. O-O Nge7 11. a4 bxa4 12. Bxa4 O-O 13. Nc3 Nb4 14. Na2 Nxa2 15.
Rxa2 Ng6 16. Bc2 Re8 17. Re1 Bb7 18. Bd2 Qf6 19. Bc3 Nh4 20. Nxh4 Qxh4 21. Qd3
Re6 22. f3 Rg6 23. Kh1 Qf2 24. Re2 Qf1+ 25. Kh2 c5 26. d5 Bd8 27. Qd1 Qxd1 28.
Bxd1 Bh4 29. Bc2 Bg3+ 30. Kg1 h5 31. Bd3 Rh6 32. Rd2 g5 33. Rd1 g4 34. hxg4
hxg4 35. Raa1 1-0

[Event "2. Bundesliga Mitte 2005/2006"]
[Site "Ansfelden"]
[Date "2005.10.09"]
[Round "2.4"]
[White "Bawart, Markus"]
[Black "Tober, Gerhard"]
[Result "0-1"]
[WhiteElo "2345"]
[BlackElo "2318"]
[PlyCount "108"]
[EventDate "2005.??.??"]

1. d4 d5 2. Nf3 Nf6 3. c4 e6 4. e3 c6 5. Bd3 Nbd7 6. O-O Bd6 7. Nbd2 O-O 8. e4
dxe4 9. Nxe4 Nxe4 10. Bxe4 e5 11. dxe5 Nxe5 12. Nxe5 Bxe5 13. Bxh7+ Kxh7 14.
Qh5+ Kg8 15. Qxe5 Re8 16. Qc3 Bf5 17. Be3 Qd3 18. Qb4 Bh3 19. gxh3 Qg6+ 20. Kh1
Qe4+ 21. f3 Qxe3 22. Rae1 Qh6 23. Rxe8+ Rxe8 24. Re1 Rd8 25. Qe7 Rd2 26. h4 Qf4
27. Qe8+ Kh7 28. Qe4+ Qxe4 29. Rxe4 Rxb2 30. Re7 f6 31. a4 a5 32. c5 Rb4 33.
Kg2 Rxa4 34. Rxb7 Rc4 35. Ra7 Rxc5 36. Kg3 Rb5 37. Kf4 c5 38. Ke4 Rb4+ 39. Ke3
a4 40. Ra5 Rxh4 41. Rxc5 Rxh2 42. Ra5 Ra2 43. Kf4 Ra3 44. Kg4 g5 45. f4 gxf4
46. Kxf4 Kg6 47. Ra8 Ra1 48. Rg8+ Kf7 49. Ra8 a3 50. Kg3 a2 51. Kg2 f5 52. Ra6
Ke7 53. Ra7+ Kd6 54. Ra6+ Kc7 0-1

[Event "2. Bundesliga Mitte 2005/2006"]
[Site "Ansfelden"]
[Date "2005.10.09"]
[Round "2.4"]
[White "Heimberger, Reinhard"]
[Black "Hatzl, Stefan"]
[Result "1-0"]
[WhiteElo "2297"]
[BlackElo "2201"]
[PlyCount "73"]
[EventDate "2005.??.??"]

1. d4 Nf6 2. g3 c5 3. Nf3 g6 4. Bg2 Bg7 5. O-O O-O 6. d5 d6 7. c4 b5 8. cxb5 a6
9. bxa6 Bxa6 10. Nc3 Nbd7 11. Qc2 Qb6 12. Bg5 h6 13. Bd2 Ng4 14. Rab1 Nge5 15.
Nxe5 Nxe5 16. b3 Rfb8 17. h3 Qa7 18. Kh2 Nd7 19. f4 Nf6 20. Rfe1 Rb4 21. a3 Rd4
22. Be3 Rc8 23. Qa2 Bb7 24. b4 Qa8 25. bxc5 dxc5 26. Qb3 Bxd5 27. Nxd5 Rxd5 28.
Rec1 e6 29. Rxc5 Rcxc5 30. Bxc5 Qa6 31. Bxd5 exd5 32. Qd3 Qe6 33. Bd4 Ne4 34.
Rb8+ Bf8 35. a4 g5 36. Qa3 Nd6 37. Be5 1-0

[Event "2. Bundesliga Mitte 2005/2006"]
[Site "Ansfelden"]
[Date "2005.10.09"]
[Round "2.4"]
[White "Nickl, Klaus"]
[Black "Kranzl, Peter"]
[Result "1/2-1/2"]
[WhiteElo "2175"]
[BlackElo "2252"]
[PlyCount "33"]
[EventDate "2005.??.??"]

1. b3 e5 2. Bb2 Nc6 3. Nf3 e4 4. Nd4 Nf6 5. e3 Nxd4 6. Bxd4 Be7 7. Be2 O-O 8.
O-O d5 9. f3 exf3 10. Bxf3 c6 11. Nc3 Be6 12. Ne2 Qd7 13. Nf4 Bf5 14. Nh5 Nxh5
15. Bxh5 Bg6 16. Bg4 f5 17. Bh5 1/2-1/2

[Event "2. Bundesliga Mitte 2005/2006"]
[Site "Ansfelden"]
[Date "2005.10.09"]
[Round "2.4"]
[White "Stadler, Peter"]
[Black "Hatzl, Johannes"]
[Result "1/2-1/2"]
[WhiteElo "2200"]
[BlackElo "2116"]
[PlyCount "30"]
[EventDate "2005.??.??"]

1. d4 d5 2. Nf3 c6 3. c4 Nf6 4. Nc3 a6 5. cxd5 cxd5 6. Bf4 Nc6 7. Rc1 e6 8. e3
Be7 9. Bd3 Bd7 10. O-O Nh5 11. Ne5 Nxf4 12. exf4 g6 13. Bb1 Rc8 14. Na4 Nxe5
15. Rxc8 Qxc8 1/2-1/2

[Event "2. Bundesliga Mitte 2005/2006"]
[Site "Ansfelden"]
[Date "2005.10.09"]
[Round "2.5"]
[White "Lenic, Luka"]
[Black "Mohr, Georg"]
[Result "1/2-1/2"]
[WhiteElo "2463"]
[BlackElo "2472"]
[PlyCount "68"]
[EventDate "2005.??.??"]

1. d4 Nf6 2. Nf3 g6 3. g3 Bg7 4. Bg2 O-O 5. O-O c5 6. c4 cxd4 7. Nxd4 Nc6 8.
Nc3 Ng4 9. Nc2 d6 10. Bd2 Bd7 11. h3 Nf6 12. b3 a6 13. a4 Rb8 14. Kh2 Ne8 15.
Rb1 Nc7 16. b4 Ne5 17. Ne3 Be6 18. c5 dxc5 19. bxc5 Qd4 20. Ne4 Rfd8 21. Ba5
Qxd1 22. Rfxd1 Rxd1 23. Rxd1 Ne8 24. Nd5 Nc6 25. Bb6 h6 26. Nec3 Kf8 27. Na2
Nf6 28. Nab4 Nxb4 29. Nxb4 Bb3 30. Ba7 Bxd1 31. Bxb8 a5 32. c6 bxc6 33. Nxc6
Nd7 34. Bc7 Bxa4 1/2-1/2

[Event "2. Bundesliga Mitte 2005/2006"]
[Site "Ansfelden"]
[Date "2005.10.09"]
[Round "2.5"]
[White "Butunoi, Alexandru"]
[Black "Sebenik, Matej"]
[Result "1/2-1/2"]
[WhiteElo "2399"]
[BlackElo "2407"]
[PlyCount "76"]
[EventDate "2005.??.??"]

1. e4 e6 2. d4 d5 3. e5 c5 4. c3 Nc6 5. Nf3 Bd7 6. a3 Nge7 7. b4 cxd4 8. cxd4
Nf5 9. b5 Na5 10. Be2 Rc8 11. O-O Rxc1 12. Qxc1 Nb3 13. Qc3 Nxa1 14. Qxa1 Qa5
15. Nbd2 Bxb5 16. Nb3 Qa6 17. Qc3 Bc4 18. Na5 b5 19. Bxc4 dxc4 20. a4 b4 21.
Qxc4 Qxc4 22. Nxc4 h5 23. Rd1 Be7 24. d5 exd5 25. Rxd5 O-O 26. Nd6 Nxd6 27.
exd6 Bf6 28. Ne5 Rc8 29. f4 Bxe5 30. fxe5 Rb8 31. d7 Rd8 32. Kf2 Kf8 33. Ke3
Ke7 34. Rb5 Rxd7 35. Rxb4 Ke6 36. Rb5 Rd5 37. Ke4 Rd2 38. Kf3 Rd5 1/2-1/2